000 00819nam a2200217 4500
001 80559)
003 BD-RjUL
005 20231122151238.0
008 221018s19411940pk ||||| |||| 00| 0 ara d
035 _a(BD-RjUL)80559)
040 _aBD-RjUL
_beng
_cBD-RjUL
041 _aeng
082 _223
_a297.09
_b1940-41
100 _a Tabari, Abu Jaafar Muhammad bin Jarir # # طبري، أبو جعفر
_95311
245 _aتاريخ الطبري # # Tārīkh al-Ṭabarī. al-juz' al-awwal /
_c Abu Jaafar Muhammad bin Jarir al-Tabari ## أبو جعفر محمد بن جرير الطبري
260 _aHydrabad :
_bdar attaba jamiah usmaniah ,
_c1941
300 _av. ;
_c23 cm
505 _aVol. 1. ahde khelafat rashida.--v. 3. pt. 3- 4. Ahad i bani Abbas --
650 _aIslam
_vHistory
942 _2ddc
_cBK
999 _c80559
_d80559